| 000 | 01096nam a22002537a 4500 | ||
|---|---|---|---|
| 005 | 20170124102937.0 | ||
| 010 | _aB-076991 | ||
| 020 |
_c00.00 _a8171242898 |
||
| 035 | _aB-076991 | ||
| 037 | _bCen Lib/Ret | ||
| 040 |
_aDPL _bHN |
||
| 082 |
_a821.08 _bमोदी |
||
| 100 |
_aमोदी,पुरसोत्तम दास _946856 |
||
| 245 |
_aअंतरंग संस्मरणों में जयशंकर प्रसाद / _cपुरसोत्तम दास मोदी |
||
| 246 |
_aAntrang sanmarnon me jaishankar prasad _bby Pursottamdass Modi |
||
| 260 |
_aवाराणसी _bविश्वविद्यालय प्रकाशन _c2001 |
||
| 270 |
_aचौक वाराणसी _bवाराणसी _e221001 |
||
| 300 |
_a164पृष्ठ. _c21सेमी(सजिल्द) |
||
| 650 |
_aहिंदी साहित्य _946857 |
||
| 650 |
_aछायावाद _946858 |
||
| 650 |
_aHindi literature _946859 |
||
| 650 |
_aChhayavaad _946860 |
||
| 942 |
_2ddc _cHN _h821.08 _mमोदी |
||
| 999 |
_c112320 _d112320 |
||